00712nam a2200193 a 450000100060000000300090000600800410001501500210005602000150007704000280009208200160012010000210013624501690015725000120032626000570033830000370039565000270043270000590045926091CO-ViMGA141112s2004 ck r 000 u spa d ack - 1996 - xxxx a9688806609 aCO-ViMGAbspacCO-ViMGA04a530.07 W34f1 aWilson, Jerry D.10aFísica / cJerry D. Wilson ; traducción, María del Consuelo Hidalgo y Mondragón, Oscar Alfredo Palmas Velasco ; revisión técnico, Alberto Lima Sánchez a2a. ed. aMéxico ; Colombia : bPearson Educación, cc1996 a766, [29] p. : il., fot. ; 27 cm14aFísica - Enseñanza1 aHidalgo y Mondragón, María Consuelo, traductor tr.